Niétoschka nezvanova : (Registro nro. 43106)
[ vista simple ]
| 000 -CABECERA | |
|---|---|
| campo de control de longitud fija | 00751nam a2200217 a 4500 |
| 001 - NÚMERO DE CONTROL | |
| campo de control | 000043617 |
| 005 - FECHA Y HORA DE LA ÚLTIMA TRANSACCIÓN | |
| campo de control | 20201002044900.0 |
| 008 - DATOS DE LONGITUD FIJA--INFORMACIÓN GENERAL | |
| campo de control de longitud fija | 140331s1970 sp 000 0 spa d |
| 040 ## - FUENTE DE LA CATALOGACIÓN | |
| Centro catalogador/agencia de origen | DO-SdBNP |
| Lengua de catalogación | spa |
| Centro/agencia transcriptor | BNPHU |
| 082 ## - NÚMERO DE LA CLASIFICACIÓN DECIMAL DEWEY | |
| Número de clasificación | 891.73 |
| Número de documento/Ítem | D724m |
| 100 1# - ENTRADA PRINCIPAL--NOMBRE DE PERSONA | |
| Nombre de persona | Dostoyevski, Fiodor Mijailovich |
| Fechas asociadas al nombre | 1821-1881 |
| 9 (RLIN) | 71434 |
| 245 10 - MENCIÓN DE TÍTULO | |
| Título | Niétoschka nezvanova : |
| Resto del título | Las noches blancas / |
| Mención de responsabilidad, etc. | Fiodor Dostoyevski; prólogo Justo García Melero. |
| 260 ## - PUBLICACIÓN, DISTRIBUCIÓN, ETC. | |
| Lugar de publicación, distribución, etc. | Madrid : |
| Nombre del editor, distribuidor, etc. | Libra, |
| Fecha de publicación, distribución, etc. | 1970. |
| 300 ## - DESCRIPCIÓN FÍSICA | |
| Extensión | 188 p. ; |
| Dimensiones | 17 cm. |
| 490 1# - MENCIÓN DE SERIE | |
| Mención de serie | Purpura |
| Designación de volumen o secuencia | 11 |
| 500 ## - NOTA GENERAL | |
| Nota general | Dos obras encuadernadas juntas con paginación continua. |
| 650 #4 - PUNTO DE ACCESO ADICIONAL DE MATERIA--TÉRMINO DE MATERIA | |
| Término de materia o nombre geográfico como elemento de entrada | Novela rusa |
| 9 (RLIN) | 4742 |
| 650 #4 - PUNTO DE ACCESO ADICIONAL DE MATERIA--TÉRMINO DE MATERIA | |
| Término de materia o nombre geográfico como elemento de entrada | Literatura rusa |
| Subdivisión cronológica | SIGLO XIX |
| 9 (RLIN) | 19890 |
| 700 12 - PUNTO DE ACCESO ADICIONAL--NOMBRE DE PERSONA | |
| Nombre de persona | García Melero, Justo |
| Término indicativo de función/relación | prol. |
| 9 (RLIN) | 13011 |
| 830 #0 - PUNTO DE ACCESO ADICIONAL DE SERIE-TÍTULO UNIFORME | |
| Título uniforme | Purpura |
| Número de parte o sección de la obra | 11 |
| 9 (RLIN) | 71435 |
| Estado de retiro | Estado de pérdida | Restricciones de uso | No para préstamo | Código de colección | Localización permanente | Ubicación/localización actual | Ubicación en estantería | Fecha de adquisición | Número de inventario | Total de préstamos | Signatura topográfica completa | Código de barras | Fecha visto por última vez | Precio válido a partir de | Tipo de ítem Koha |
|---|---|---|---|---|---|---|---|---|---|---|---|---|---|---|---|
| Excluido de préstamo | Monografías: Libros y Folletos | General | General | En catalogación | 31.03.2014 | LF1 | 891.73 D724m | 43617-10 | 25.06.2020 | 25.06.2020 | No se presta |
